Statistics for Portuguese Clothes Vocabulary

Click here to take the quiz!

General Stats

  • This quiz has been taken 405 times
    (402 since last reset)
  • The average score is 26 of 58

Answer Stats

HintAnswer% Correct
shirtcamisa
94%
dressvestido
84%
blouseblusa
83%
shoessapatos
82%
bootsbotas
77%
pantscalças
74%
skirtsaia
72%
socksmeias
70%
glassesóculos
70%
hatchapéu
69%
sandalssandálias
69%
t-shirtcamiseta
68%
pursebolsa
67%
pyjamaspijama
66%
jeansjeans
65%
ringanel
59%
glovesluvas
59%
beltcinto
58%
coatcasaco
57%
pocketbolso
56%
jacketjaqueta
54%
necklacecolar
53%
maskmáscara
52%
capecapa
51%
bikinibiquíni
49%
tiegravata
49%
buttonbotão
48%
uniformuniforme
48%
underwearroupa de baixo
46%
jeweleryjóias
45%
earringsbrincos
44%
shortsshorts
44%
brasutiã
44%
sneakerstênis
43%
sleevemanga
39%
braceletbracelete
38%
crowncoroa
38%
sweatersuéter
38%
contact lenseslentes de contato
37%
suitterno
34%
costumefantasia
33%
pantiescalcinha
32%
zipperfecho ecler
32%
sunglassesóculos escuros
29%
bathing suitmaiô
27%
hoodcapuz
24%
raincoatcapa de chuva
23%
bowlaço
22%
ribbonfita
18%
high heelssapatos de salto alto
15%
outfitvestimenta
14%
vestcolete
12%
shoelacescadarços
11%
sweatshirtmoletom
10%
panty hosemeia-calça
9%
necklinedecote
5%
leotardmalha
3%
boxerscuecas sambacanção
1%

Score Distribution

Percentile by Number Answered

Percent of People with Each Score

Your Score History

You have not taken this quiz since the last reset